| 000 | 01251cam a22003494a 4500 | ||
|---|---|---|---|
| 999 |
_c10221 _d10221 |
||
| 001 | 14242804 | ||
| 003 | GBCCL | ||
| 005 | 20241126110727.0 | ||
| 008 | 060126s2006 cau b 000 0 eng | ||
| 010 | _a 2006040052 | ||
| 020 | _a0060882433 (cloth) | ||
| 020 | _a9780060882433 | ||
| 020 | _a9780062311757 | ||
| 035 | _a(OCoLC)ocm63297854 | ||
| 040 |
_aDLC _cDLC _dYDX _dBAKER _dGK8 _dVP@ _dDLC |
||
| 042 | _apcc | ||
| 050 | 0 | 0 |
_aBS2417.C5 _bW55 2006 |
| 082 | 0 | 0 |
_a248.4 _222 _bWIL |
| 100 | 1 |
_aWillard, Dallas, _d1935-2013. _917751 |
|
| 245 | 1 | 4 |
_aThe great omission : _breclaiming Jesus's essential teachings on discipleship / _cDallas Willard. |
| 250 | _a1st ed. | ||
| 260 |
_a[San Francisco, Calif.] : _bHarperSanFrancisco, _cc2006. |
||
| 300 |
_axv, 237 p. ; _c22 cm. |
||
| 504 | _aIncludes bibliographical references. | ||
| 600 | 0 | 0 |
_aJesus Christ _xTeachings. _9527 |
| 650 | 0 |
_aChristian life. _9183 |
|
| 650 | 0 |
_aSpiritual formation. _92847 |
|
| 856 | 4 | 2 |
_3Publisher description _uhttp://www.loc.gov/catdir/enhancements/fy0659/2006040052-d.html |
| 906 |
_a7 _bcbc _corignew _d1 _eocip _f20 _gy-gencatlg |
||
| 942 |
_2ddc _cBK |
||